书目信息 |
| 题名: |
植物免疫的生物化学和生理学
|
|
| 作者: | 鲁宾 , 阿尔齐霍夫斯卡娅 著 ;柯冲 译 | |
| 分册: | ||
| 出版信息: | 北京 农业出版社 1966 |
|
| 页数: | 335页 | |
| 开本: | 20cm | |
| 丛书名: | ||
| 单 册: | ||
| 中图分类: | S432.2 | |
| 科图分类: | ||
| 主题词: | 植物学--免疫学--生理学 , 植物学--免疫学--生物化学 , 免疫学--植物生物化学 | |
| 电子资源: | ||
| ISBN: | 13144.160 | |
| 000 | 00948cam0 2200289 450 | |
| 001 | 0105506710 | |
| 005 | 20071203093820.0 | |
| 010 | @a13144.160@dCNY1.60 | |
| 091 | @a13144.160@dCNY1.60 | |
| 100 | @a19960205d1966 em y0chiy0110 ea | |
| 101 | 1 | @achi@crus |
| 102 | @aCN@b110000 | |
| 105 | @afk z 000yy | |
| 106 | @ar | |
| 200 | 1 | @a植物免疫的生物化学和生理学@9Zhi Wu Mian Yi De;Di Sheng Wu Hua Xue He;Huo;Hu Sheng Li Xue @f(苏)Β.Α.鲁宾,Ε.Β.阿尔齐霍夫斯卡娅著@g柯冲等译@b专著 |
| 210 | @a北京@c农业出版社@d1966 | |
| 215 | @a335页@c图表@d20cm | |
| 606 | 0 | @a植物学@x免疫学@x生理学 |
| 606 | 0 | @a植物学@x免疫学@x生物化学 |
| 606 | 0 | @a免疫学@x植物生物化学 |
| 690 | @aS432.2@v3 | |
| 701 | 1 | @a鲁宾@9lu bin@bΒ.Α@4著 |
| 701 | 1 | @a阿尔齐霍夫斯卡娅@9a er qi huo fu si ka ya@bΕ.Β.@4著 |
| 702 | 0 | @a柯冲@f(1924.12~)@9ke chong@4译 |
| 801 | 0 | @aCN@b广东省中山图书馆 |
| 801 | 2 | @aCN@bAiZhiMarc |
| 905 | @aBZT@dS432.2@e5@f2@sS432.2/5 | |
| 植物免疫的生物化学和生理学/(苏)Β.Α.鲁宾,Ε.Β.阿尔齐霍夫斯卡娅著/柯冲等译.-北京:农业出版社,1966 |
| 335页:图表;20cm |
| ISBN 13144.160:CNY1.60 |
| ● |
| 相关链接 |
|
|
|
正题名:植物免疫的生物化学和生理学
索取号:S432.2/5
 
预约/预借
| 序号 | 登录号 | 条形码 | 馆藏地/架位号 | 状态 | 备注 |
| 1 | 2000140994 | 2000140994 | 旧书回溯/ [索取号:S432.2/5] | 在馆 | |
| 2 | 2000140995 | 2000140995 | 旧书回溯/ [索取号:S432.2/5] | 在馆 |